Factors which influence the transfer of management practices between the United states and japan
Đã lưu trong:
| Hovedforfatter: | |
|---|---|
| Format: | Bog |
| Sprog: | Undetermined |
| Udgivet: |
London
University Microfilms International
1981
|
| Fag: | |
| Tags: |
Tilføj Tag
Ingen Tags, Vær først til at tagge denne postø!
|
| Thư viện lưu trữ: | Trung tâm Học liệu Trường Đại học Cần Thơ |
|---|
| LEADER | 00630nam a2200193Ia 4500 | ||
|---|---|---|---|
| 001 | CTU_107062 | ||
| 008 | 210402s9999 xx 000 0 und d | ||
| 082 | |a 658.00952 | ||
| 082 | |b S111 | ||
| 100 | |a Saadat-Nejad, Ahmad | ||
| 245 | 0 | |a Factors which influence the transfer of management practices between the United states and japan | |
| 245 | 0 | |c Ahmad Saadat-Nejad | |
| 260 | |a London | ||
| 260 | |b University Microfilms International | ||
| 260 | |c 1981 | ||
| 650 | |a Industrial management,Industrial management | ||
| 650 | |z Japan,United States | ||
| 904 | |i Năm | ||
| 980 | |a Trung tâm Học liệu Trường Đại học Cần Thơ | ||